000 00836nam a2200253 a 4500
001 64500
003 BD-RjUL
005 20211209081321.0
008 170215s1968 cal||||| |||| 001 0 eng d
035 _a(BD-RjUL)64630
040 _aBD-RjUL
_beng
_cBD-RjUL
_dBD-RjUL
041 _aeng
082 _223
_a305.9069147291
_bFAC 1968
100 _aFagen, Richard R
_9171920
245 1 0 _aCubans in exile :
_b disaffection and the revolution /
_cRichard R Fagen; Richard A Brody; Timothy J O'Leary
260 _aStanford, Calif. :
_bStanford University Press,
_cc1968
300 _axii, 161 p. ;
_c24 cm.
500 _aInclude index
650 _aCubains -- Floride -- Miami.
_9191340
650 _aRéfugiés -- cuba.
_9191341
700 _aBrody; Richard A
_9191342
700 _aO'Leary, Timothy J
_9191343
942 _2ddc
_cBK
999 _c64500
_d64500